| 000 | 00426nam a22001697a 4500 | ||
|---|---|---|---|
| 003 | SGT | ||
| 020 | _a9788177395068 | ||
| 082 |
_a610.7367 _bM16C |
||
| 100 | _aCHUGHM S.N. | ||
| 245 | _aMEDICAL SURGICAL NURSING FOR DIPLOMA IN GNM | ||
| 250 | _a1ST | ||
| 260 |
_aINDIA _bAPC PUB _c2016 |
||
| 300 | _a822 | ||
| 650 | _aMEDICAL SURGICAL NURSING | ||
| 653 | _aMEDICAL SURGICAL NURSING FOR DIPLOMA IN GNM | ||
| 942 |
_2ddc _cBK |
||
| 999 |
_c23509 _d23509 |
||